[Event "Belgrade Radnicki IM 03"]
[Site "Belgrade"]
[Date "2024.03.14"]
[Round "2"]
[White "Profili, Emilio"]
[Black "Rounaiv, Rana"]
[Result "1-0"]
[WhiteElo "2129"]
[BlackElo "2099"]
[PlyCount "109"]
[EventDate "2024.03.13"]
[EventType "tourn"]
[EventRounds "9"]
[EventCountry "SRB"]
[SourceTitle "CB13_2024"]
[SourceDate "2024.03.27"]
[SourceVersion "1"]
[SourceVersionDate "2024.03.27"]
[SourceQuality "1"]

1. e4 c5 2. Nf3 e6 3. d4 cxd4 4. Nxd4 Nf6 5. Nc3 Nc6 6. Bf4 Bb4 7. Ndb5 Nxe4 8. Qf3 d5 9. Nc7+ Kf8 10. Nxa8 e5 11. Bd2 Nd4 12. Qd1 Qh4 13. g3 Qf6 14. Nxe4 Nf3+ 15. Qxf3 Qxf3 16. Bxb4+ Kg8 17. Nd6 Qxh1 18. 0-0-0 Be6 19. Nc7 Qxh2 20. Nxd5 Bxd5 21. Rxd5 Qxf2 22. Rd1 g6 23. Bc4 Kg7 24. Rf1 Qg2 25. Rxf7+ Kh6 26. Bd2+ Kh5 27. Kd1 g5 28. Rf6 Qg1+ 29. Rf1 Qd4 30. g4+ Kxg4 31. Nf5 Qxb2 32. Be2+ Kh3 33. Ke1 Qa1+ 34. Kf2 Qxf1+ 35. Bxf1+ Kg4 36. Nd6 Rd8 37. Be2+ Kh3 38. Ne4 h6 39. Bc3 Re8 40. Nf6 Re7 41. Bg4+ Kh2 42. Bf5 h5 43. Nxh5 e4 44. Bf6 e3+ 45. Ke2 Rf7 46. Kxe3 Kg1 47. c4 Rc7 48. Bd4 b6 49. Nf6 Kg2 50. Kd3 Re7 51. Ne4 Kf3 52. Bf6 Re8 53. Bxg5 Re5 54. Bd7 a6 55. a4 1-0

[Event "Arandjelovac op 2nd"]
[Site "Arandjelovac"]
[Date "2023.08.02"]
[Round "4"]
[White "Rounaiv, Rana"]
[Black "Hung, Chen Ting"]
[Result "1-0"]
[WhiteElo "2178"]
[BlackElo "1664"]
[PlyCount "83"]
[EventDate "2023.07.31"]
[EventType "swiss"]
[EventRounds "9"]
[EventCountry "SRB"]
[SourceTitle "CBM 215 Extra"]
[Source "ChessBase"]
[SourceDate "2023.09.30"]
[SourceVersion "1"]
[SourceVersionDate "2023.09.30"]
[SourceQuality "1"]

1. d4 Nf6 2. c4 e6 3. Nc3 d5 4. cxd5 exd5 5. Bg5 c6 6. e3 Bf5 7. Qf3 Be4 8. Bxf6 Qxf6 9. Nxe4 dxe4 10. Qxe4+ Be7 11. Bd3 Nd7 12. Ne2 0-0-0 13. 0-0 Kb8 14. Rab1 Bd6 15. b4 Rhe8 16. Qf3 Qh6 17. g3 Qf6 18. Qxf6 Nxf6 19. Rfc1 h5 20. Rb3 h4 21. b5 cxb5 22. Bxb5 Re7 23. f3 hxg3 24. hxg3 Nh5 25. Kf2 f5 26. Bd3 Rf8 27. Bxf5 Rxf5 28. g4 Ra5 29. gxh5 Rxh5 30. e4 Rh2+ 31. Ke3 g5 32. Rg1 Rg7 33. e5 Bc7 34. Rbb1 Bb6 35. Rg4 Kc8 36. Rbg1 Bd8 37. R4g2 Rh4 38. Ng3 Rc7 39. Ne4 Rc6 40. d5 Ra6 41. Rc1+ Kd7 42. Nc5+ 1-0

[Event "Arandjelovac op 2nd"]
[Site "Arandjelovac"]
[Date "2023.08.01"]
[Round "3"]
[White "Balabayeva, Kseniya"]
[Black "Rounaiv, Rana"]
[Result "1-0"]
[WhiteElo "2188"]
[BlackElo "2178"]
[PlyCount "57"]
[EventDate "2023.07.31"]
[EventType "swiss"]
[EventRounds "9"]
[EventCountry "SRB"]
[SourceTitle "CBM 215 Extra"]
[Source "ChessBase"]
[SourceDate "2023.09.30"]
[SourceVersion "1"]
[SourceVersionDate "2023.09.30"]
[SourceQuality "1"]

1. e4 c5 2. Nf3 e6 3. g3 Nc6 4. Bg2 Nf6 5. Qe2 e5 6. 0-0 Be7 7. c3 0-0 8. Rd1 d5 9. d3 Bg4 10. h3 Bxf3 11. Qxf3 d4 12. c4 a6 13. Qe2 b5 14. Nd2 Ne8 15. b3 bxc4 16. Nxc4 Nd6 17. f4 Nxc4 18. bxc4 Rb8 19. Rf1 Qa5 20. a3 Rb3 21. Bd2 Qb6 22. Rf2 Rb1+ 23. Rxb1 Qxb1+ 24. Bf1 Bd6 25. f5 g6 26. g4 Rb8 27. g5 Be7 28. h4 Qb7 29. Qg4 1-0

[Event "Piestany op-A"]
[Site "Piestany"]
[Date "2023.07.18"]
[Round "8"]
[White "Rounaiv, Rana"]
[Black "Kucharska, Honorata"]
[Result "1-0"]
[WhiteElo "2102"]
[BlackElo "2246"]
[PlyCount "71"]
[EventDate "2023.07.11"]
[EventType "swiss"]
[EventRounds "9"]
[EventCountry "SVK"]
[SourceTitle "EXT 2024"]
[Source "ChessBase"]
[SourceDate "2023.10.10"]
[SourceVersion "1"]
[SourceVersionDate "2023.10.10"]
[SourceQuality "1"]

1. d4 Nf6 2. c4 e6 3. Nc3 c5 4. d5 exd5 5. cxd5 d6 6. e4 g6 7. f4 Bg7 8. Bb5+ Nfd7 9. Nf3 0-0 10. 0-0 a6 11. Bd3 b5 12. a3 b4 13. axb4 cxb4 14. Na4 a5 15. Be3 Ba6 16. Rc1 Re8 17. Re1 Qe7 18. Bf2 Qd8 19. Bxa6 Nxa6 20. Rc6 Nac5 21. Nxc5 dxc5 22. e5 a4 23. Bh4 Qb8 24. e6 fxe6 25. dxe6 Nf6 26. e7 Qxf4 27. Bg5 Qf5 28. Re5 Qd7 29. Rd6 Qc7 30. Bxf6 Bxf6 31. Rxf6 Kg7 32. Rd6 a3 33. bxa3 bxa3 34. Ng5 Qb7 35. Qf1 Rxe7 36. Qf6+ 1-0

[Event "Piestany op-A"]
[Site "Piestany"]
[Date "2023.07.16"]
[Round "6"]
[White "Rounaiv, Rana"]
[Black "Fizer, Marek"]
[Result "1-0"]
[WhiteElo "2102"]
[BlackElo "2137"]
[PlyCount "89"]
[EventDate "2023.07.11"]
[EventType "swiss"]
[EventRounds "9"]
[EventCountry "SVK"]
[SourceTitle "EXT 2024"]
[Source "ChessBase"]
[SourceDate "2023.10.10"]
[SourceVersion "1"]
[SourceVersionDate "2023.10.10"]
[SourceQuality "1"]

1. d4 d5 2. c4 dxc4 3. Nf3 Nf6 4. e3 e6 5. Bxc4 c5 6. 0-0 a6 7. Bb3 b5 8. Qe2 Bb7 9. Rd1 Nbd7 10. Bc2 cxd4 11. exd4 Be7 12. Nc3 0-0 13. Bf4 Rc8 14. Rac1 Nb6 15. h3 Kh8 16. Bh2 Nc4 17. Bb1 Bxf3 18. gxf3 Bd6 19. Be5 Nd5 20. Nxd5 exd5 21. f4 Bxe5 22. dxe5 Qh4 23. Qg4 Qxg4+ 24. hxg4 Nxb2 25. Rxc8 Rxc8 26. Rxd5 g5 27. Bf5 Rc1+ 28. Kg2 gxf4 29. Rd7 Kg8 30. e6 fxe6 31. Bxe6+ Kh8 32. Kf3 Rd1 33. Ra7 Rd4 34. g5 Rd8 35. Kg4 Nd3 36. Kh5 Re8 37. Bf5 Nxf2 38. Rxh7+ Kg8 39. g6 Ne4 40. g7 Nf6+ 41. Kh6 Re5 42. Rh8+ Kf7 43. Rf8+ Ke7 44. Rxf6 Kxf6 45. Bg6 1-0

[Event "Budapest Vezerkepzo Christmas FM"]
[Site "Budapest"]
[Date "2022.12.29"]
[Round "4"]
[White "Rounaiv, Rana"]
[Black "Torok, Tamas Titusz"]
[Result "1-0"]
[WhiteElo "1886"]
[BlackElo "1975"]
[PlyCount "85"]
[EventDate "2022.12.26"]
[EventType "schev"]
[EventRounds "10"]
[EventCountry "HUN"]
[SourceTitle "CBM 212 Extra"]
[Source "ChessBase"]
[SourceDate "2023.03.31"]
[SourceVersion "1"]
[SourceVersionDate "2023.03.31"]
[SourceQuality "1"]
[WhiteTeam "Team B"]
[BlackTeam "Team A"]
[WhiteTeamCountry "HUN"]
[BlackTeamCountry "HUN"]

1. d4 d5 2. c4 Nc6 3. cxd5 Qxd5 4. e3 e5 5. Nc3 Bb4 6. Bd2 Bxc3 7. bxc3 Nf6 8. f3 e4 9. Qb1 0-0 10. c4 Qf5 11. Ne2 Re8 12. Ng3 Qg6 13. fxe4 Nxe4 14. Nxe4 Bf5 15. Bd3 Bxe4 16. Bxe4 Qxe4 17. Qxe4 Rxe4 18. 0-0 Rd8 19. Rad1 b6 20. g3 g6 21. Rf4 Rde8 22. Rdf1 f5 23. Kg2 a5 24. Rxe4 Rxe4 25. a3 Kg7 26. Rf4 Re8 27. g4 fxg4 28. Rxg4 h5 29. Rg3 Re4 30. Kf3 Re7 31. Bc3 Kh6 32. h4 Rf7+ 33. Ke2 Ne7 34. e4 Kh7 35. Rf3 Rxf3 36. Kxf3 Kg8 37. Kf4 Kf7 38. d5 Nc8 39. Be5 Nd6 40. Bxd6 cxd6 41. e5 dxe5+ 42. Kxe5 Ke7 43. a4 1-0

[Event "Lugano op 10"]
[Site "Lugano"]
[Date "2021.10.31"]
[Round "3"]
[White "Rounaiv, Rana"]
[Black "Walgenbach, Martin"]
[Result "1-0"]
[WhiteElo "1445"]
[BlackElo "1722"]
[PlyCount "89"]
[EventDate "2021.10.29"]
[EventType "swiss"]
[EventRounds "5"]
[EventCountry "SUI"]
[SourceTitle "CBM 205 Extra"]
[Source "ChessBase"]
[SourceDate "2022.01.31"]
[SourceVersion "1"]
[SourceVersionDate "2022.01.31"]
[SourceQuality "1"]

1. d4 Nf6 2. c4 d5 3. cxd5 Nxd5 4. e4 Nf6 5. Nc3 e6 6. Nf3 Bb4 7. Bd3 Nc6 8. 0-0 h6 9. Bc2 Ne7 10. a3 Ba5 11. Ne5 0-0 12. Be3 c6 13. Qe2 Bc7 14. f4 Kh8 15. Rad1 Qe8 16. Rf3 Nfg8 17. Rg3 f6 18. Qg4 g5 19. Nd3 f5 20. exf5 exf5 21. Qe2 g4 22. Ne5 h5 23. h4 Bxe5 24. dxe5 Ng6 25. Bc5 N8e7 26. e6 Kh7 27. Bd6 Rf6 28. Bb3 Nd5 29. Nxd5 cxd5 30. Bxd5 Qd8 31. Bc5 Nxf4 32. Qe5 Nxe6 33. Bb3 Qh8 34. Rd6 Nxc5 35. Rxf6 Ne4 36. Rh6+ Kxh6 37. Qxh8+ Kg6 38. Qg8+ Kh6 39. Re3 b6 40. Rxe4 fxe4 41. Qg5+ Kh7 42. Bg8+ Kh8 43. Qg6 Bf5 44. Qxf5 Rxg8 45. Qxh5+ 1-0

[Event "First Saturday FM October 2021"]
[Site "Budapest"]
[Date "2021.10.08"]
[Round "6"]
[White "Sovetbekova, Nurai"]
[Black "Rounaiv, Rana"]
[Result "1/2-1/2"]
[WhiteElo "1597"]
[BlackElo "1445"]
[PlyCount "77"]
[EventDate "2021.10.02"]
[EventType "tourn"]
[EventRounds "10"]
[EventCountry "HUN"]
[SourceTitle "EXT 2023"]
[Source "ChessBase"]
[SourceDate "2022.10.05"]
[SourceVersion "1"]
[SourceVersionDate "2022.10.05"]
[SourceQuality "1"]

1. d4 Nf6 2. c4 g6 3. Nf3 Bg7 4. g3 d6 5. Bg2 0-0 6. Nc3 Nc6 7. 0-0 a6 8. e4 Rb8 9. a4 Bd7 10. h3 e5 11. dxe5 Nxe5 12. Nxe5 dxe5 13. Be3 Be6 14. Qe2 Qe7 15. Nd5 Bxd5 16. cxd5 Nd7 17. Rfc1 Qd6 18. Rc2 f5 19. f3 f4 20. Bf2 fxg3 21. Bxg3 Rf7 22. h4 h5 23. Bf2 Bh6 24. Bh3 Kh7 25. Be6 Rf6 26. Ra3 c5 27. dxc6 Qxe6 28. cxd7 Qxd7 29. Rd3 Rd6 30. Rxd6 Qxd6 31. Rc5 Rf8 32. Kg2 g5 33. hxg5 Bxg5 34. Rd5 Qg6 35. Kf1 Qe6 36. Qd3 Rf7 37. Qc3 Bf4 38. Ke2 Qh3 39. Rd8 1/2-1/2

[Event "First Saturday FM October 2021"]
[Site "Budapest"]
[Date "2021.10.04"]
[Round "3"]
[White "Rounaiv, Rana"]
[Black "Gruz, Janos"]
[Result "1/2-1/2"]
[WhiteElo "1445"]
[BlackElo "1578"]
[PlyCount "72"]
[EventDate "2021.10.02"]
[EventType "tourn"]
[EventRounds "10"]
[EventCountry "HUN"]
[SourceTitle "EXT 2023"]
[Source "ChessBase"]
[SourceDate "2022.10.05"]
[SourceVersion "1"]
[SourceVersionDate "2022.10.05"]
[SourceQuality "1"]

1. d4 d5 2. c4 e6 3. Nc3 c6 4. Nf3 f5 5. Bf4 Bd6 6. e3 Nf6 7. Bd3 0-0 8. 0-0 Qc7 9. Bxd6 Qxd6 10. c5 Qe7 11. Ne5 Bd7 12. b4 Be8 13. Be2 Nbd7 14. Nxd7 Bxd7 15. f4 Ne4 16. Nxe4 fxe4 17. a4 g5 18. Ra3 Kh8 19. Bg4 Qg7 20. Kh1 Rf6 21. Bh3 Raf8 22. g3 Qg6 23. Rg1 h5 24. Ra2 g4 25. Bf1 Rg8 26. h4 Rf7 27. b5 Qg7 28. Rgg2 Qf8 29. Rgb2 Rgg7 30. Qb1 Qe8 31. Qe1 Qd8 32. a5 cxb5 33. Bxb5 Bxb5 34. Rxb5 Qc8 35. Rab2 Qc6 36. Qb4 Kh7 1/2-1/2

[Event "First Saturday FM October 2021"]
[Site "Budapest"]
[Date "2021.10.02"]
[Round "1"]
[White "Rounaiv, Rana"]
[Black "Sovetbekova, Nurai"]
[Result "0-1"]
[WhiteElo "1445"]
[BlackElo "1597"]
[PlyCount "90"]
[EventDate "2021.10.02"]
[EventType "tourn"]
[EventRounds "10"]
[EventCountry "HUN"]
[SourceTitle "EXT 2023"]
[Source "ChessBase"]
[SourceDate "2022.10.05"]
[SourceVersion "1"]
[SourceVersionDate "2022.10.05"]
[SourceQuality "1"]

1. d4 Nf6 2. c4 g6 3. Nc3 d5 4. cxd5 Nxd5 5. e4 Nxc3 6. bxc3 Bg7 7. Nf3 c5 8. Rb1 Qa5 9. Bd2 a6 10. Bc4 Nc6 11. 0-0 0-0 12. d5 Ne5 13. Nxe5 Bxe5 14. f4 Bxc3 15. Bxc3 Qxc3 16. Rc1 Qe3+ 17. Kh1 Qxe4 18. Re1 Qxf4 19. Rxe7 b5 20. Be2 Qd6 21. Re3 Bb7 22. Bf3 Rad8 23. Rd3 Rfe8 24. Qd2 Bc8 25. Re3 Rxe3 26. Qxe3 c4 27. a3 Bf5 28. Re1 Bd3 29. Qc1 a5 30. Qc3 b4 31. axb4 axb4 32. Qd4 b3 33. Qb2 Qb4 34. Rc1 Rc8 35. Rc3 Re8 36. g3 Re1+ 37. Kg2 Qb6 38. h4 Qg1+ 39. Kh3 Bf1+ 40. Kg4 Qd4+ 41. Kg5 Qe5+ 42. Kh6 Qg7+ 43. Kg5 Re5+ 44. Kg4 h5+ 45. Kf4 Qf6# 0-1